Which Country Borders... - Statistics

General Stats
  • This quiz has been taken 173 times
    156 since last reset
  • The average score is 15 of 18
Answer Stats
Question Answer % Correct
India Bhutan
100%
Libya Chad
100%
Peru Chile
100%
Spain France
100%
Netherlands Germany
100%
United States Mexico
100%
South Korea North Korea
100%
Suriname Brazil
75%
Equatorial Guinea Cameroon
75%
Sweden Finland
75%
Albania Greece
75%
Nepal India
75%
Turkmenistan Iran
75%
Russia Kazakhstan
75%
Estonia Latvia
75%
Liechtenstein Switzerland
75%
Angola Zambia
75%
Hungary Romania
50%
No matching quizzes found
Score Distribution
Percent of People with Each Score
Percentile by Number Answered
Your Score History
You have not taken this quiz since the last reset